Romancero de Ntra. Sra. de Atocha / (Record no. 161148)

MARC details
000 -LEADER
campo de control de longitud fija 00729nam a22001935i 4500
001 - NÚMERO DE CONTROL
campo de control 161148
003 - IDENTIFICADOR DE NÚMERO DE CONTROL
campo de control ES-MaACL
005 - FECHA Y HORA DE LA ÚLTIMA TRANSACCIÓN
campo de control 20250718063334.0
008 - DATOS DE LONGITUD FIJA--INFORMACIÓN GENERAL
campo de control de longitud fija 990408s1877 sp |||| | spa d
040 ## - FUENTE DE CATALOGACIÓN
Centro catalogador/agencia de origen CCPB | B
Lengua de catalogación spa
Centro/agencia transcriptor CCPB | B
100 1# - ENTRADA PRINCIPAL--NOMBRE DE PERSONA
Nombre de persona Ossorio y Bernard, Manuel,
Fechas asociadas al nombre 1839-1904
9 (RLIN) 137729
245 10 - MENCIÓN DEL TÍTULO
Título Romancero de Ntra. Sra. de Atocha /
Mención de responsabilidad, etc. por Manuel Ossorio y Bernard ; precedido de un prólogo, escrito por José Jimenez y Benitez.
250 ## - MENCION DE EDICION
Mención de edición 3ª ed.
260 ## - PUBLICACIÓN, DISTRIBUCIÓN, ETC.
Lugar de publicación, distribución, etc. Córdoba :
Nombre del editor, distribuidor, etc. [s.n.],
Fecha de publicación, distribución, etc. 1877 (
Fabricante Imprenta La Actividad)
300 ## - DESCRIPCIÓN FÍSICA
Extensión 102 p. ;
Dimensiones 15 cm.
700 1# - ENTRADA AGREGADA--NOMBRE PERSONAL
Nombre de persona Jiménez y Benítez, José.
9 (RLIN) 128319
852 ## - LOCALIZACIÓN
Ubicación ES-MaACL
Número de control de estantería Fol-Laf-520
Nota libre -- Rust.
-- -- Legado M. de la Fuente
Holdings
Estatus retirado Estado de pérdida Estado de daño No para préstamo Colección Biblioteca de origen Biblioteca actual Ubicación en estantería Fecha de adquisición Fuente de adquisición Total de préstamos Signatura topográfica completa Código de barras Visto por última vez Precio de reemplazo Tipo de ítem Koha
        Colección de folletos Biblioteca del Ateneo de Madrid Biblioteca del Ateneo de Madrid Depósito folletos 17/01/2008     Fol-Laf-520 1168787 23/02/2023 23/02/2023 Folleto